{"text_format":"3","workbook":"xls","n_sheets":3,"sheets":["设备","材料分配表","安装费分配表"],"read":"whole","date_system":"1900","formulas":"cached_only"}

{"sheet":"设备","index":0,"n_rows":38,"n_cols":10,"rows_kept":38,"merged":[[0,1,0,2],[1,0,14,0],[1,1,14,1],[1,2,7,2],[9,2,12,2],[13,2,14,2],[15,0,19,0],[15,1,19,1],[20,0,23,0],[20,1,23,1],[20,2,20,3],[21,2,21,3],[22,2,22,3],[23,2,23,3],[24,0,30,0],[24,1,30,1],[30,9,34,9],[31,1,31,2],[32,1,32,2],[33,1,33,2],[34,1,34,2],[35,1,35,2],[35,9,36,9],[36,1,36,2],[37,0,37,6]],"flags":["formulas_cached_only"]}
["序号","设备名称",null,"规格及型号","单位","合 计","单价","合计","品牌产地","备注"]
["\n1","室内机","天花板内藏风管式(超薄型 )","FXDP25NPVC","台",88,{"v":13046.72,"d":"13,046.72"},{"v":1148110.97,"d":"1,148,110.97"},"上海大金"]
[{"$nulls":3},"FXDP28NPVC","台",78,{"v":12644.39,"d":"12,644.39"},{"v":986262.73,"d":"986,262.73"},"上海大金"]
[{"$nulls":3},"FXDP32NPVC","台",2,{"v":13269.43,"d":"13,269.43"},{"v":26538.86,"d":"26,538.86"},"上海大金"]
[{"$nulls":3},"FXDP36NPVC","台",5,{"v":13513.7,"d":"13,513.70"},{"v":67568.48,"d":"67,568.48"},"上海大金"]
[{"$nulls":3},"FXDP50MPVC","台",1,{"v":13635.83,"d":"13,635.83"},{"v":13635.83,"d":"13,635.83"},"上海大金"]
[{"$nulls":3},"FXDP63MPVC","台",17,{"v":14742.21,"d":"14,742.21"},{"v":250617.63,"d":"250,617.63"},"上海大金"]
[{"$nulls":3},"FXDP71MPVC","台",23,{"v":14986.48,"d":"14,986.48"},{"v":344689.06,"d":"344,689.06"},"上海大金"]
[null,null,"天花板内藏风管式","FXSP80MMVC","台",2,{"v":18427.77,"d":"18,427.77"},{"v":36855.54,"d":"36,855.54"},"上海大金"]
[null,null,"天花板嵌入式(四面出风)","FXFP71KMVC","台",15,{"v":18182.06,"d":"18,182.06"},{"v":272730.95,"d":"272,730.95"},"上海大金"]
[{"$nulls":3},"FXFP90KMVC","台",4,{"v":20638.38,"d":"20,638.38"},{"v":82553.52,"d":"82,553.52"},"上海大金"]
[{"$nulls":3},"FXFP112KMVC","台",3,{"v":22104.34,"d":"22,104.34"},{"v":66313.03,"d":"66,313.03"},"上海大金"]
[{"$nulls":3},"FXFP125KMVC","台",4,{"v":23105.48,"d":"23,105.48"},{"v":92421.9,"d":"92,421.90"},"上海大金"]
[null,null,"天花板嵌入式(两面出风)","FXCP36KMVC","台",4,{"v":17443.52,"d":"17,443.52"},{"v":69774.07,"d":"69,774.07"},"上海大金"]
[{"$nulls":3},"FXCP56KMVC","台",2,{"v":18923.49,"d":"18,923.49"},{"v":37846.98,"d":"37,846.98"},"上海大金"]
[2,"室外机","8HP室外机","RHXYQ8PY1","台",1,{"v":69955.56,"d":"69,955.56"},{"v":69955.56,"d":"69,955.56"},"上海大金"]
[null,null,"10HP室外机","RHXYQ10PY1","台",1,{"v":78038.06,"d":"78,038.06"},{"v":78038.06,"d":"78,038.06"},"上海大金"]
[null,null,"20HP室外机","RHXYQ20PY1","台",5,{"v":156076.13,"d":"156,076.13"},{"v":780380.63,"d":"780,380.63"},"上海大金"]
[null,null,"22HP室外机","RHXYQ22PY1","台",8,{"v":173181.79,"d":"173,181.79"},{"v":1385454.33,"d":"1,385,454.33"},"上海大金"]
[null,null,"24HP室外机","RHXYQ24PY1","台",1,{"v":197882.23,"d":"197,882.23"},{"v":197882.23,"d":"197,882.23"},"上海大金"]
[3,"同时运转","RY250KMY1L/FHYC125BQVL*2",null,"套",4,{"v":90355.31,"d":"90,355.31"},{"v":361421.24,"d":"361,421.24"},"上海大金"]
[null,null,"RY250KMY1L/FHYC71FBVL*4",null,"套",3,{"v":118156.94,"d":"118,156.94"},{"v":354470.83,"d":"354,470.83"},"上海大金"]
[null,null,"RY200KMY1L/FHYC125BQVL+FHYC71BQVL",null,"套",9,{"v":81597.79,"d":"81,597.79"},{"v":734380.15,"d":"734,380.15"},"上海大金"]
[null,null,"RY200KMY1L/FHYC71BQVL*3",null,"套",7,{"v":95498.61,"d":"95,498.61"},{"v":668490.28,"d":"668,490.28"},"上海大金"]
[4,"新排风","风机箱(双速)","KPG120","台",2,{"v":14248.34,"d":"14,248.34"},{"v":28496.67,"d":"28,496.67"},"西屋康达"]
[null,null,"风机箱(双速)","KPG100","台",4,{"v":11746.19,"d":"11,746.19"},{"v":46984.76,"d":"46,984.76"},"西屋康达"]
[null,null,"风机箱(双速)","KPG080","台",3,{"v":8953.52,"d":"8,953.52"},{"v":26860.55,"d":"26,860.55"},"西屋康达"]
[null,null,"风机箱(双速)","KPG070","台",1,{"v":8340.49,"d":"8,340.49"},{"v":8340.49,"d":"8,340.49"},"西屋康达"]
[null,null,"风机箱","KPG060","台",1,{"v":6351.28,"d":"6,351.28"},{"v":6351.28,"d":"6,351.28"},"西屋康达"]
[null,null,"风机箱","KPG050","台",7,{"v":6351.28,"d":"6,351.28"},{"v":44458.98,"d":"44,458.98"},"西屋康达"]
[null,null,"风机箱","KPG040","台",6,{"v":5572.84,"d":"5,572.84"},{"v":33437.02,"d":"33,437.02"},"西屋康达","昆明机场商务候机楼主楼空调增加工程"]
[1,"CMS14HP室外机",null,"RZP350PY1","台",2,{"v":86462.53,"d":"86,462.53"},{"v":172925.05,"d":"172,925.05"},"日本大金"]
[2,"CMS室内机",null,"FZFP100KMV","台",1,{"v":13243.03,"d":"13,243.03"},{"v":13243.03,"d":"13,243.03"},"日本大金"]
[3,"CMS室内机",null,"FZSP56KMV","台",2,{"v":10634.13,"d":"10,634.13"},{"v":21268.25,"d":"21,268.25"},"日本大金"]
[4,"CMS室内机",null,"FZSP71KMV","台",8,{"v":11087.85,"d":"11,087.85"},{"v":88702.78,"d":"88,702.78"},"日本大金"]
[1,"室内机",null,"FJDP28KMVC","台",8,{"v":11336.88,"d":"11,336.88"},{"v":90695.02,"d":"90,695.02"},"大金","机场商务候机楼休息室中央空调工程"]
[2,"室外机",null,"RMXS112DV2C","台",2,{"v":37573.66,"d":"37,573.66"},{"v":75147.32,"d":"75,147.32"},"大金"]
["合计",{"$nulls":6},{"v":8783304.06,"d":"8,783,304.06"}]

{"sheet":"材料分配表","index":1,"n_rows":54,"n_cols":14,"rows_kept":54,"merged":[[0,1,3,1],[1,0,4,0],[9,0,22,0],[9,1,22,1],[9,2,15,2],[17,2,20,2],[21,2,22,2],[23,0,23,6],[27,0,31,0],[27,1,31,1],[36,0,39,0],[40,0,40,4],[43,0,49,0],[50,0,50,5]],"flags":["formulas_cached_only"]}
["配件","室内机分歧管","KHRP26MC22T","个",111,300,33300,"上海大金"]
[null,null,"KHRP26MC33T","个",67,350,23450,"上海大金"]
[null,null,"KHRP26MC72T","个",53,450,23850,"上海大金"]
[null,null,"KHRP26MC73T+73P","个",1,1280,1280,"上海大金"]
[null,"室外机分歧管","BHFP22MC90","个","\n1424",320,4480,"上海大金"]
[]
[{"$nulls":6},81880]
[]
[{"$nulls":10},"材料分配","合计"]
["\n1","室内机","天花板内藏风管式(超薄型 )","FXDP25NPVC","台",88,{"v":9080,"d":"9,080.00"},{"v":799040,"d":"799,040.00"},"上海大金",null,{"v":26890.586471208804,"d":"26,890.59"},{"v":825930.5864712088,"d":"825,930.59"}]
[{"$nulls":3},"FXDP28NPVC","台",78,{"v":8800,"d":"8,800.00"},{"v":686400,"d":"686,400.00"},"上海大金",null,{"v":23099.84300390183,"d":"23,099.84"},{"v":709499.8430039019,"d":"709,499.84"}]
[{"$nulls":3},"FXDP32NPVC","台",2,{"v":9235,"d":"9,235.00"},{"v":18470,"d":"18,470.00"},"上海大金",null,{"v":621.5823139307502,"d":"621.58"},{"v":19091.58231393075,"d":"19,091.58"}]
[{"$nulls":3},"FXDP36NPVC","台",5,{"v":9405,"d":"9,405.00"},{"v":47025,"d":"47,025.00"},"上海大金",null,{"v":1582.5613596423132,"d":"1,582.56"},{"v":48607.56135964231,"d":"48,607.56"}]
[{"$nulls":3},"FXDP50MPVC","台",1,{"v":9490,"d":"9,490.00"},{"v":9490,"d":"9,490.00"},"上海大金",null,{"v":319.37282941000643,"d":"319.37"},{"v":9809.372829410006,"d":"9,809.37"}]
[{"$nulls":3},"FXDP63MPVC","台",17,{"v":10260,"d":"10,260.00"},{"v":174420,"d":"174,420.00"},"上海大金",null,{"v":5869.863952127853,"d":"5,869.86"},{"v":180289.86395212787,"d":"180,289.86"}]
[{"$nulls":3},"FXDP71MPVC","台",23,{"v":10430,"d":"10,430.00"},{"v":239890,"d":"239,890.00"},"上海大金",null,{"v":8073.166285265168,"d":"8,073.17"},{"v":247963.16628526518,"d":"247,963.17"}]
[null,null,"天花板内藏风管式","FXSP80MMVC","台",2,{"v":12825,"d":"12,825.00"},{"v":25650,"d":"25,650.00"},"上海大金",null,{"v":863.2152870776254,"d":"863.22"},{"v":26513.215287077626,"d":"26,513.22"}]
[null,null,"天花板嵌入式(四面出风)","FXFP71KMVC","台",15,{"v":12654,"d":"12,654.00"},{"v":189810,"d":"189,810.00"},"上海大金",null,{"v":6387.793124374428,"d":"6,387.79"},{"v":196197.79312437444,"d":"196,197.79"}]
[{"$nulls":3},"FXFP90KMVC","台",4,{"v":14364,"d":"14,364.00"},{"v":57454,"d":"57,454.00"},"上海大金",null,{"v":1933.534935819021,"d":"1,933.53"},{"v":59387.53493581902,"d":"59,387.53"}]
[{"$nulls":3},"FXFP112KMVC","台",3,{"v":15384,"d":"15,384.00"},{"v":46151.25,"d":"46,151.25"},"上海大金",null,{"v":1553.1565114129146,"d":"1,553.16"},{"v":47704.40651141291,"d":"47,704.41"}]
[{"$nulls":3},"FXFP125KMVC","台",4,{"v":16081,"d":"16,081.00"},{"v":64322,"d":"64,322.00"},"上海大金",null,{"v":2164.667980327759,"d":"2,164.67"},{"v":66486.66798032777,"d":"66,486.67"}]
[null,null,"天花板嵌入式(两面出风)","FXCP36KMVC","台",4,{"v":12140,"d":"12,140.00"},{"v":48560,"d":"48,560.00"},"上海大金",null,{"v":1634.2196623972509,"d":"1,634.22"},{"v":50194.21966239725,"d":"50,194.22"}]
[{"$nulls":3},"FXCP56KMVC","台",2,{"v":13170,"d":"13,170.00"},{"v":26340,"d":"26,340.00"},"上海大金",{"v":2433022.25,"d":"2,433,022.25"},{"v":886.436283104275,"d":"886.44"},{"v":27226.436283104274,"d":"27,226.44"},null,0]
["合计",{"$nulls":6},{"v":2433022.25,"d":"2,433,022.25"},{"$nulls":3},{"v":2514902.25,"d":"2,514,902.25"}]
[]
[]
[{"$nulls":9},"材料分配","合计"]
[2,"室外机","8HP室外机","RHXYQ8PY1","台",1,{"v":50200,"d":"50,200.00"},{"v":50200,"d":"50,200.00"},4480,{"v":124.77585441633379,"d":"124.78"},{"v":50324.77585441634,"d":"50,324.78"}]
[null,null,"10HP室外机","RHXYQ10PY1","台",1,{"v":56000,"d":"56,000.00"},{"v":56000,"d":"56,000.00"},null,{"v":139.19218819351974,"d":"139.19"},{"v":56139.19218819352,"d":"56,139.19"}]
[null,null,"20HP室外机","RHXYQ20PY1","台",5,{"v":112000,"d":"112,000.00"},{"v":560000,"d":"560,000.00"},null,{"v":1391.9218819351977,"d":"1,391.92"},{"v":561391.9218819352,"d":"561,391.92"}]
[null,null,"22HP室外机","RHXYQ22PY1","台",8,{"v":124275,"d":"124,275.00"},{"v":994200,"d":"994,200.00"},null,{"v":2471.1584553928096,"d":"2,471.16"},{"v":996671.1584553928,"d":"996,671.16"}]
[null,null,"24HP室外机","RHXYQ24PY1","台",1,{"v":142000,"d":"142,000.00"},{"v":142000,"d":"142,000.00"},null,{"v":352.95162006213934,"d":"352.95"},{"v":142352.95162006214,"d":"142,352.95"},1806880]
[{"$nulls":7},1802400]
[{"$nulls":10},0]
[]
[]
["同时运转","RY250KMY1L/FHYC125BQVL*2","套",4,65000,260000,"上海大金"]
[null,"RY250KMY1L/FHYC71FBVL*4","套",3,85000,255000,"上海大金"]
[null,"RY200KMY1L/FHYC125BQVL+FHYC71BQVL","套",9,58700,528300,"上海大金"]
[null,"RY200KMY1L/FHYC71BQVL*3","套",null,68700,480900,"上海大金"]
["合计",{"$nulls":4},{"v":1524200,"d":"1,524,200.00"}]
[]
[]
["新排风","风机箱(双速)","KPG120","台",2,10250,20500,"西屋康达"]
[null,"风机箱(双速)","KPG100","台",4,8450,33800,"西屋康达"]
[null,"风机箱(双速)","KPG080","台",3,6441,19323,"西屋康达"]
[null,"风机箱(双速)","KPG070","台",1,6000,6000,"西屋康达"]
[null,"风机箱","KPG060","台",1,4569,4569,"西屋康达"]
[null,"风机箱","KPG050","台",7,4569,31983,"西屋康达"]
[null,"风机箱","KPG040","台",6,4009,24054,"西屋康达"]
["合计",{"$nulls":5},{"v":140229,"d":"140,229.00"}]
[]
[]
[{"$nulls":5},"总计",{"v":5986211.25,"d":"5,986,211.25"}]

{"sheet":"安装费分配表","index":2,"n_rows":45,"n_cols":11,"rows_kept":45,"merged":[[0,1,0,2],[1,0,14,0],[1,1,14,1],[1,2,7,2],[9,2,12,2],[13,2,14,2],[15,0,19,0],[15,1,19,1],[20,0,23,0],[20,1,23,1],[20,2,20,3],[21,2,21,3],[22,2,22,3],[23,2,23,3],[24,0,30,0],[24,1,30,1],[31,1,31,2],[32,1,32,2],[33,1,33,2],[34,1,34,2],[35,1,35,2],[36,1,36,2],[37,0,37,6]],"flags":["formulas_cached_only"]}
["序号","设备名称",null,"规格及型号","单位","合 计","单价","合计","品牌产地","安装费分配表","合计"]
["\n1","室内机","天花板内藏风管式(超薄型 )","FXDP25NPVC","台",88,{"v":9385.57,"d":"9,385.57"},{"v":825930.59,"d":"825,930.59"},"上海大金",{"v":322180.38,"d":"322,180.38"},1148110.97]
[{"$nulls":3},"FXDP28NPVC","台",78,{"v":9096.15,"d":"9,096.15"},{"v":709499.84,"d":"709,499.84"},"上海大金",{"v":276762.89,"d":"276,762.89"},986262.73]
[{"$nulls":3},"FXDP32NPVC","台",2,{"v":9545.79,"d":"9,545.79"},{"v":19091.58,"d":"19,091.58"},"上海大金",{"v":7447.28,"d":"7,447.28"},26538.86]
[{"$nulls":3},"FXDP36NPVC","台",5,{"v":9721.51,"d":"9,721.51"},{"v":48607.56,"d":"48,607.56"},"上海大金",{"v":18960.92,"d":"18,960.92"},67568.48]
[{"$nulls":3},"FXDP50MPVC","台",1,{"v":9809.37,"d":"9,809.37"},{"v":9809.37,"d":"9,809.37"},"上海大金",{"v":3826.46,"d":"3,826.46"},13635.83]
[{"$nulls":3},"FXDP63MPVC","台",17,{"v":10605.29,"d":"10,605.29"},{"v":180289.86,"d":"180,289.86"},"上海大金",{"v":70327.77,"d":"70,327.77"},250617.63]
[{"$nulls":3},"FXDP71MPVC","台",23,{"v":10781.01,"d":"10,781.01"},{"v":247963.17,"d":"247,963.17"},"上海大金",{"v":96725.89,"d":"96,725.89"},344689.06]
[null,null,"天花板内藏风管式","FXSP80MMVC","台",2,{"v":13256.61,"d":"13,256.61"},{"v":26513.22,"d":"26,513.22"},"上海大金",{"v":10342.32,"d":"10,342.32"},36855.54]
[null,null,"天花板嵌入式(四面出风)","FXFP71KMVC","台",15,{"v":13079.85,"d":"13,079.85"},{"v":196197.79,"d":"196,197.79"},"上海大金",{"v":76533.16,"d":"76,533.16"},272730.95]
[{"$nulls":3},"FXFP90KMVC","台",4,{"v":14846.88,"d":"14,846.88"},{"v":59387.53,"d":"59,387.53"},"上海大金",{"v":23165.99,"d":"23,165.99"},82553.52]
[{"$nulls":3},"FXFP112KMVC","台",3,{"v":15901.47,"d":"15,901.47"},{"v":47704.41,"d":"47,704.41"},"上海大金",{"v":18608.62,"d":"18,608.62"},66313.03]
[{"$nulls":3},"FXFP125KMVC","台",4,{"v":16621.67,"d":"16,621.67"},{"v":66486.67,"d":"66,486.67"},"上海大金",{"v":25935.23,"d":"25,935.23"},92421.9]
[null,null,"天花板嵌入式(两面出风)","FXCP36KMVC","台",4,{"v":12548.56,"d":"12,548.56"},{"v":50194.22,"d":"50,194.22"},"上海大金",{"v":19579.85,"d":"19,579.85"},69774.07]
[{"$nulls":3},"FXCP56KMVC","台",2,{"v":13613.22,"d":"13,613.22"},{"v":27226.44,"d":"27,226.44"},"上海大金",{"v":10620.54,"d":"10,620.54"},37846.98]
[2,"室外机","8HP室外机","RHXYQ8PY1","台",1,{"v":50324.78,"d":"50,324.78"},{"v":50324.78,"d":"50,324.78"},"上海大金",{"v":19630.78,"d":"19,630.78"},69955.56]
[null,null,"10HP室外机","RHXYQ10PY1","台",1,{"v":56139.19,"d":"56,139.19"},{"v":56139.19,"d":"56,139.19"},"上海大金",{"v":21898.87,"d":"21,898.87"},78038.06]
[null,null,"20HP室外机","RHXYQ20PY1","台",5,{"v":112278.38,"d":"112,278.38"},{"v":561391.92,"d":"561,391.92"},"上海大金",{"v":218988.71,"d":"218,988.71"},780380.63]
[null,null,"22HP室外机","RHXYQ22PY1","台",8,{"v":124583.9,"d":"124,583.90"},{"v":996671.16,"d":"996,671.16"},"上海大金",{"v":388783.17,"d":"388,783.17"},1385454.33]
[null,null,"24HP室外机","RHXYQ24PY1","台",1,{"v":142352.95,"d":"142,352.95"},{"v":142352.95,"d":"142,352.95"},"上海大金",{"v":55529.28,"d":"55,529.28"},197882.23]
[3,"同时运转","RY250KMY1L/FHYC125BQVL*2",null,"套",4,{"v":65000,"d":"65,000.00"},{"v":260000,"d":"260,000.00"},"上海大金",{"v":101421.24,"d":"101,421.24"},361421.24]
[null,null,"RY250KMY1L/FHYC71FBVL*4",null,"套",3,{"v":85000,"d":"85,000.00"},{"v":255000,"d":"255,000.00"},"上海大金",{"v":99470.83,"d":"99,470.83"},354470.83]
[null,null,"RY200KMY1L/FHYC125BQVL+FHYC71BQVL",null,"套",9,{"v":58700,"d":"58,700.00"},{"v":528300,"d":"528,300.00"},"上海大金",{"v":206080.15,"d":"206,080.15"},734380.15]
[null,null,"RY200KMY1L/FHYC71BQVL*3",null,"套",null,{"v":68700,"d":"68,700.00"},{"v":480900,"d":"480,900.00"},"上海大金",{"v":187590.28,"d":"187,590.28"},668490.28]
[4,"新排风","风机箱(双速)","KPG120","台",2,{"v":10250,"d":"10,250.00"},{"v":20500,"d":"20,500.00"},"西屋康达",{"v":7996.67,"d":"7,996.67"},28496.67]
[null,null,"风机箱(双速)","KPG100","台",4,{"v":8450,"d":"8,450.00"},{"v":33800,"d":"33,800.00"},"西屋康达",{"v":13184.76,"d":"13,184.76"},46984.76]
[null,null,"风机箱(双速)","KPG080","台",3,{"v":6441,"d":"6,441.00"},{"v":19323,"d":"19,323.00"},"西屋康达",{"v":7537.55,"d":"7,537.55"},26860.55]
[null,null,"风机箱(双速)","KPG070","台",1,{"v":6000,"d":"6,000.00"},{"v":6000,"d":"6,000.00"},"西屋康达",{"v":2340.49,"d":"2,340.49"},8340.49]
[null,null,"风机箱","KPG060","台",1,{"v":4569,"d":"4,569.00"},{"v":4569,"d":"4,569.00"},"西屋康达",{"v":1782.28,"d":"1,782.28"},6351.28]
[null,null,"风机箱","KPG050","台",7,{"v":4569,"d":"4,569.00"},{"v":31983,"d":"31,983.00"},"西屋康达",{"v":12475.98,"d":"12,475.98"},44458.98]
[null,null,"风机箱","KPG040","台",6,{"v":4009,"d":"4,009.00"},{"v":24054,"d":"24,054.00"},"西屋康达",{"v":9383.02,"d":"9,383.02"},33437.02]
[1,"CMS14HP室外机",null,"RZP350PY1","台",2,{"v":62199.6,"d":"62,199.60"},{"v":124399.2,"d":"124,399.20"},"日本大金",{"v":48525.85,"d":"48,525.85"},172925.05]
[2,"CMS室内机",null,"FZFP100KMV","台",1,{"v":9526.8,"d":"9,526.80"},{"v":9526.8,"d":"9,526.80"},"日本大金",{"v":3716.23,"d":"3,716.23"},13243.03]
[3,"CMS室内机",null,"FZSP56KMV","台",2,{"v":7650,"d":"7,650.00"},{"v":15300,"d":"15,300.00"},"日本大金",{"v":5968.25,"d":"5,968.25"},21268.25]
[4,"CMS室内机",null,"FZSP71KMV","台",8,{"v":7976.4,"d":"7,976.40"},{"v":63811.2,"d":"63,811.20"},"日本大金",{"v":24891.58,"d":"24,891.58"},88702.78]
[5,"室内机",null,"FJDP28KMVC","台",8,{"v":8032.5,"d":"8032.50"},65244.38,"大金",{"v":25450.64,"d":"25,450.64"},90695.02]
[6,"室外机",null,"RMXS112DV2C","台",2,{"v":26622,"d":"26622.00"},54059.63,"大金",{"v":21087.67,"d":"21,087.67"},75147.32]
["合计",{"$nulls":6},{"v":6318552.46,"d":"6,318,552.46"},null,{"v":2464751.5799999996,"d":"2,464,751.58"},{"v":8783304.06,"d":"8,783,304.06"}]
[{"$nulls":6},"原值",{"v":8783304.06,"d":"8,783,304.06"}]
[{"$nulls":6},"安装费",{"v":2464751.6000000006,"d":"2,464,751.60"}]
[]
[]
[{"$nulls":7},117504]
[{"$nulls":7},{"v":984.375,"d":"984.38"},65244.38]
[{"$nulls":7},{"v":815.625,"d":"815.63"},54059.63]